[Event "Curitiba IEP&Copel op"]
[Site "Curitiba"]
[Date "2017.05.12"]
[Round "2"]
[White "Matsuura, Everaldo"]
[Black "Tomaz, Tainan Pantano"]
[Result "1-0"]
[WhiteElo "2481"]
[BlackElo "2066"]
[PlyCount "51"]
[EventDate "2017.05.12"]
[EventType "swiss"]
[EventRounds "6"]
[EventCountry "BRA"]
[SourceTitle "CBM 178 Extra"]
[Source "ChessBase"]
[SourceDate "2017.06.22"]
[SourceVersion "1"]
[SourceVersionDate "2017.06.22"]
[SourceQuality "1"]

1. e4 c6 2. d4 d5 3. exd5 cxd5 4. c4 Nf6 5. Nc3 Nc6 6. Bg5 Be6 7. a3 g6 8. Be2 Bg7 9. Bf3 Qb6 10. c5 Qd8 11. Nge2 h6 12. Be3 g5 13. g3 Qd7 14. h4 Ng4 15. Bc1 0-0-0 16. b4 Bf6 17. b5 Na5 18. c6 bxc6 19. Qa4 c5 20. Qxa5 cxd4 21. Na4 d3 22. b6 Qc6 23. bxa7 Kd7 24. Rb1 dxe2 25. Bxe2 Bf5 26. Bb5 1-0

[Event "Curitiba IEP&Copel op"]
[Site "Curitiba"]
[Date "2017.05.12"]
[Round "1"]
[White "Tomaz, Tainan Pantano"]
[Black "Kikuchi Cadilhac, Mariana Sawae"]
[Result "1-0"]
[WhiteElo "2066"]
[BlackElo "1535"]
[PlyCount "99"]
[EventDate "2017.05.12"]
[EventType "swiss"]
[EventRounds "6"]
[EventCountry "BRA"]
[SourceTitle "CBM 178 Extra"]
[Source "ChessBase"]
[SourceDate "2017.06.22"]
[SourceVersion "1"]
[SourceVersionDate "2017.06.22"]
[SourceQuality "1"]

1. d4 d5 2. c4 c6 3. Nc3 Nf6 4. cxd5 cxd5 5. Nf3 e6 6. Bf4 Nc6 7. e3 Bd6 8. Bxd6 Qxd6 9. a3 0-0 10. Bd3 e5 11. dxe5 Nxe5 12. Be2 Rd8 13. Nb5 Nxf3+ 14. Bxf3 Qb6 15. Qe2 a6 16. Nd4 Ne4 17. 0-0 Ng5 18. Rab1 Ne6 19. Rfd1 Bd7 20. Rd2 Re8 21. Qd1 Rad8 22. Bxd5 Ng5 23. Bf3 Ne4 24. Re2 Bf5 25. Rc1 Ng5 26. Rd2 Nxf3+ 27. Qxf3 Be4 28. Qg4 Rd6 29. Rc8 Rxc8 30. Qxc8+ Rd8 31. Qg4 Bg6 32. h4 h6 33. h5 Bh7 34. Qe2 Qa5 35. Nb3 Rxd2 36. Qxd2 Qg5 37. f3 Kf8 38. Qd6+ Qe7 39. Qb8+ Qe8 40. Qd6+ Qe7 41. Qd4 Bf5 42. Nc5 Bc8 43. Ne4 Bd7 44. Kf2 Bc6 45. Ng3 Qg5 46. Qd6+ Qe7 47. Qd3 Qf6 48. Qd4 Qe7 49. Nf5 Qg5 50. g4 1-0

[Event "Curitiba Sul Region-ch"]
[Site "Curitiba"]
[Date "2017.04.16"]
[Round "6"]
[White "Tomaz, Tainan Pantano"]
[Black "Bueno, Vinicius Nogueira"]
[Result "0-1"]
[WhiteElo "2019"]
[BlackElo "1681"]
[PlyCount "110"]
[EventDate "2017.04.14"]
[EventType "swiss"]
[EventRounds "6"]
[EventCountry "BRA"]
[SourceTitle "CBM 178 Extra"]
[Source "ChessBase"]
[SourceDate "2017.06.22"]
[SourceVersion "1"]
[SourceVersionDate "2017.06.22"]
[SourceQuality "1"]

1. c4 Nf6 2. Nc3 c5 3. Nf3 Nc6 4. d4 cxd4 5. Nxd4 a6 6. e4 Qb6 7. Nb3 e6 8. Be3 Qc7 9. c5 d6 10. Be2 dxc5 11. Nxc5 b6 12. Nd3 Be7 13. f4 0-0 14. 0-0 b5 15. e5 Nd5 16. Nxd5 exd5 17. Rc1 Bf5 18. Nf2 Rac8 19. Qxd5 Rfd8 20. Qf3 Nd4 21. Rxc7 Nxf3+ 22. Bxf3 Rxc7 23. Bb6 Rc2 24. Bxd8 Bxd8 25. Kh1 Rxb2 26. Bd5 Bb6 27. g4 Bd7 28. Ne4 Bxg4 29. Ng5 Kf8 30. Nxh7+ Ke7 31. Ng5 f6 32. exf6+ gxf6 33. h3 Be2 34. Re1 Bf2 35. Ra1 fxg5 36. fxg5 Rd2 37. Bb7 a5 38. a3 Rd1+ 39. Rxd1 Bxd1 40. Kg2 Bh4 41. Be4 Bxg5 42. Bd3 Ba4 43. Kf3 Bc1 44. Ke4 Bxa3 45. Kd5 Kd7 46. h4 Bc1 47. h5 Kc7 48. Bg6 Kb6 49. Be8 Bb3+ 50. Kd4 b4 51. Bg6 a4 52. Bb1 a3 53. Kd3 a2 54. Bxa2 Bxa2 55. Kc2 Bh6 0-1

[Event "Curitiba Sul Region-ch"]
[Site "Curitiba"]
[Date "2017.04.15"]
[Round "3"]
[White "Osipi, Jair"]
[Black "Tomaz, Tainan Pantano"]
[Result "1/2-1/2"]
[WhiteElo "2173"]
[BlackElo "2019"]
[PlyCount "69"]
[EventDate "2017.04.14"]
[EventType "swiss"]
[EventRounds "6"]
[EventCountry "BRA"]
[SourceTitle "CBM 178 Extra"]
[Source "ChessBase"]
[SourceDate "2017.06.22"]
[SourceVersion "1"]
[SourceVersionDate "2017.06.22"]
[SourceQuality "1"]

1. d4 Nf6 2. Nf3 e6 3. g3 b6 4. Bg2 Bb7 5. 0-0 Be7 6. c4 c5 7. d5 exd5 8. Nh4 0-0 9. cxd5 d6 10. Nf5 b5 11. Nc3 b4 12. Ne4 Nxe4 13. Bxe4 Nd7 14. Bg2 Re8 15. Re1 Ne5 16. Rb1 a5 17. f4 Ng6 18. Nxe7+ Rxe7 19. e4 Qd7 20. b3 Ba6 21. Bb2 Rc8 22. f5 Ne5 23. Qd2 f6 24. Bxe5 Rxe5 25. Re3 Bb5 26. g4 Qa7 27. Kh1 a4 28. Ree1 h6 29. h4 Kf7 30. Bf3 Ra8 31. g5 hxg5 32. hxg5 Rh8+ 33. Kg2 Ree8 34. Rh1 Reg8 35. Qf4 1/2-1/2

[Event "Florianopolis Winter U220 op"]
[Site "Florianopolis"]
[Date "2016.08.20"]
[Round "4"]
[White "Da Silva, Juliano Roberto Ner"]
[Black "Tomaz, Tainan Pantano"]
[Result "1-0"]
[WhiteElo "1801"]
[BlackElo "2047"]
[PlyCount "127"]
[EventDate "2016.08.19"]
[EventType "swiss"]
[EventRounds "7"]
[EventCountry "BRA"]
[SourceTitle "CBM 174 Extra"]
[Source "ChessBase"]
[SourceDate "2016.10.10"]
[SourceVersion "1"]
[SourceVersionDate "2016.10.10"]
[SourceQuality "1"]

1. d4 Nf6 2. c4 e6 3. Nf3 Bb4+ 4. Bd2 Qe7 5. a3 Bxd2+ 6. Qxd2 d6 7. Nc3 0-0 8. g3 e5 9. dxe5 dxe5 10. Nd5 Nxd5 11. Qxd5 Nc6 12. e3 Bg4 13. Bg2 Rfd8 14. Qb5 Qf6 15. Nh4 g5 16. Qxb7 Ne7 17. Qe4 h5 18. h3 Bd7 19. Qc2 Rab8 20. Nf3 e4 21. Nd4 c5 22. Nb5 Bxb5 23. cxb5 Rxb5 24. Rb1 Qe5 25. 0-0 Rdb8 26. b3 Nd5 27. Rfc1 Nf6 28. Rb2 c4 29. b4 Rc8 30. Qc3 Qxc3 31. Rxc3 Nd5 32. Rc1 c3 33. Rb3 f5 34. g4 hxg4 35. hxg4 a5 36. gxf5 a4 37. Rbb1 Nf6 38. Rc2 Rxf5 39. Rbc1 Rd8 40. Rxc3 Rd2 41. R1c2 Rd1+ 42. Kh2 Kg7 43. Rb2 Rdd5 44. Rc7+ Kg6 45. Ra7 Kh5 46. Kg3 Rd3 47. Rxa4 Rf4 48. Ra8 Rg4+ 49. Kh2 Rh4+ 50. Bh3 g4 51. Rh8+ Kg5 52. Rxh4 Kxh4 53. Bg2 Rxa3 54. b5 Kg5 55. b6 Ra8 56. Kg3 Nh5+ 57. Kh2 Nf6 58. Rb5+ Kg6 59. Kg3 Rc8 60. Kf4 Nh5+ 61. Kxg4 Nf6+ 62. Kg3 Nh5+ 63. Kh4 Nf6 64. Kg3 1-0

[Event "Curitiba op"]
[Site "Curitiba"]
[Date "2016.04.21"]
[Round "2"]
[White "Hama, Haruna"]
[Black "Tomaz, Tainan Pantano"]
[Result "0-1"]
[WhiteElo "1742"]
[BlackElo "2048"]
[PlyCount "56"]
[EventDate "2016.04.21"]
[EventType "swiss"]
[EventRounds "7"]
[EventCountry "BRA"]
[SourceTitle "CBM 172 Extra"]
[Source "ChessBase"]
[SourceDate "2016.06.21"]
[SourceVersion "1"]
[SourceVersionDate "2016.06.21"]
[SourceQuality "1"]

1. c4 e5 2. Nc3 Nf6 3. g3 d5 4. cxd5 Nxd5 5. Bg2 Nb6 6. Nf3 Nc6 7. d3 Be7 8. 0-0 Be6 9. a3 0-0 10. b4 Nd4 11. Bb2 Nxf3+ 12. Bxf3 c6 13. Ne4 Nd7 14. Rc1 Re8 15. Re1 f5 16. Nd2 Bg5 17. Rc2 Bf6 18. Nc4 Qe7 19. Qa1 Bf7 20. b5 e4 21. dxe4 cxb5 22. Ne3 fxe4 23. Bg4 Ne5 24. Nf5 Qf8 25. Bh3 Rad8 26. Rd1 Rxd1+ 27. Qxd1 Bb3 28. e3 Nf3+ 0-1

[Event "Curitiba Parana-ch"]
[Site "Curitiba"]
[Date "2016.01.30"]
[Round "7"]
[White "Almeida Junior, Alvaro Alves de"]
[Black "Tomaz, Tainan Pantano"]
[Result "1-0"]
[WhiteElo "1860"]
[BlackElo "2051"]
[PlyCount "87"]
[EventDate "2016.01.26"]
[EventType "swiss"]
[EventRounds "8"]
[EventCountry "BRA"]
[SourceTitle "CBM 170 Extra"]
[Source "ChessBase"]
[SourceDate "2016.02.25"]
[SourceVersion "1"]
[SourceVersionDate "2016.02.25"]
[SourceQuality "1"]

1. e4 c5 2. Nf3 e6 3. d4 cxd4 4. Nxd4 a6 5. Nc3 b5 6. g3 Bb7 7. Bg2 d6 8. 0-0 Qc7 9. Re1 Be7 10. a4 bxa4 11. Nxa4 Nf6 12. h3 0-0 13. Kh2 Nfd7 14. f4 Nc6 15. Be3 Rab8 16. Qg4 Bf6 17. c3 Rfe8 18. Nxc6 Bxc6 19. Qe2 Rb3 20. Red1 Reb8 21. Qxa6 R3b5 22. Qa7 R8b7 23. Qa8+ Rb8 24. Qa7 R8b7 25. Qa8+ Nb8 26. b4 h6 27. Bf1 Kh7 28. Bxb5 Rxb5 29. Qa7 Rb7 30. Qa5 Qe7 31. e5 dxe5 32. fxe5 Bg5 33. Qc5 Bxe3 34. Qxe3 Kg8 35. Nc5 Rc7 36. Qd4 Rc8 37. c4 Qg5 38. Qf4 Qg6 39. Rd2 Kh7 40. Qg4 Qxg4 41. hxg4 Bf3 42. Rf2 Bxg4 43. Ra8 Rd8 44. Na6 1-0

[Event "Curitiba Parana-ch"]
[Site "Curitiba"]
[Date "2016.01.29"]
[Round "5"]
[White "Gonzalez, Bolivar Ribeiro"]
[Black "Tomaz, Tainan Pantano"]
[Result "1-0"]
[WhiteElo "2252"]
[BlackElo "2051"]
[PlyCount "91"]
[EventDate "2016.01.26"]
[EventType "swiss"]
[EventRounds "8"]
[EventCountry "BRA"]
[SourceTitle "CBM 170 Extra"]
[Source "ChessBase"]
[SourceDate "2016.02.25"]
[SourceVersion "1"]
[SourceVersionDate "2016.02.25"]
[SourceQuality "1"]

1. e4 c5 2. Nf3 e6 3. d4 cxd4 4. Nxd4 a6 5. c4 Nf6 6. Nc3 d6 7. Nc2 b6 8. f4 Bb7 9. Bd3 Nbd7 10. 0-0 h5 11. Qe2 Be7 12. Bd2 Qc7 13. b4 Rc8 14. a3 0-0 15. Rac1 Rfe8 16. Kh1 Qb8 17. Ne1 Bd8 18. Nf3 Ng4 19. h3 Ngf6 20. Rce1 Bc7 21. Ng5 Qa8 22. Nb1 a5 23. Bc3 e5 24. f5 Bd8 25. Bd2 axb4 26. axb4 b5 27. cxb5 d5 28. Nc3 d4 29. Nd1 Nb6 30. Nf2 Qb8 31. g4 h4 32. Ra1 Re7 33. Nf3 Qd6 34. Nxh4 Rec7 35. g5 Ne8 36. Qh5 Nc4 37. Bxc4 Rxc4 38. f6 Qe6 39. Kg1 d3 40. Ng4 Rxe4 41. fxg7 Bb6+ 42. Kh2 Re2+ 43. Kg3 Kxg7 44. Nf5+ Kg8 45. Nfh6+ Kh8 46. Nxf7+ 1-0

[Event "Curitiba Sul Regional-ch"]
[Site "Curitiba"]
[Date "2015.07.11"]
[Round "3"]
[White "Dull, Amanda Paul"]
[Black "Tomaz, Tainan Pantano"]
[Result "0-1"]
[WhiteElo "1838"]
[BlackElo "2061"]
[PlyCount "132"]
[EventDate "2015.07.10"]
[EventType "swiss"]
[EventRounds "6"]
[EventCountry "BRA"]
[SourceTitle "EXT 2016"]
[Source "ChessBase"]
[SourceDate "2015.10.08"]
[SourceVersion "1"]
[SourceVersionDate "2015.10.08"]
[SourceQuality "1"]

1. e4 c5 2. d4 cxd4 3. c3 d3 4. c4 g6 5. Bxd3 Bg7 6. Nc3 d6 7. Nge2 Nf6 8. 0-0 0-0 9. b3 Nc6 10. Bb2 Be6 11. Kh1 Nd7 12. Qd2 Nc5 13. Rab1 Qa5 14. Rbd1 Nxd3 15. Qxd3 f5 16. Qd2 Rf7 17. f3 Raf8 18. exf5 Bxf5 19. Ng3 Bc8 20. Rfe1 Be5 21. Qe3 Nb4 22. Re2 Nc6 23. Nd5 Bxb2 24. Rxb2 e5 25. Rbd2 Nd4 26. Ne4 Qd8 27. Qg5 Kg7 28. Qxd8 Rxd8 29. Ndc3 Bf5 30. Kg1 h6 31. Ng3 Bc2 32. Re1 Kf8 33. Nge4 b6 34. Nd5 Kg7 35. Nb4 Bxe4 36. Rxe4 Rc8 37. Nc2 Nxc2 38. Rxc2 b5 39. Rd2 bxc4 40. bxc4 Rc6 41. Rd5 Rfc7 42. c5 dxc5 43. Rdxe5 c4 44. Re7+ Kf6 45. Rxc7 Rxc7 46. Kf2 c3 47. Re1 Rd7 48. Re2 Rb7 49. Ke3 Re7+ 50. Kd3 Rxe2 51. Kxe2 Ke5 52. Kd3 Kf4 53. Kxc3 Ke3 54. a4 Kf2 55. g4 Kxf3 56. Kb4 Kxg4 57. Ka5 Kh3 58. Ka6 Kxh2 59. Kxa7 g5 60. a5 g4 61. a6 g3 62. Kb8 g2 63. a7 g1Q 64. a8Q Qg8+ 65. Kb7 Qxa8+ 66. Kxa8 Kg2 0-1

[Event "Curitiba Sul Regional-ch"]
[Site "Curitiba"]
[Date "2015.07.11"]
[Round "4"]
[White "Tomaz, Tainan Pantano"]
[Black "Languidey, Simon Alejandro"]
[Result "0-1"]
[WhiteElo "2061"]
[BlackElo "2358"]
[PlyCount "74"]
[EventDate "2015.07.10"]
[EventType "swiss"]
[EventRounds "6"]
[EventCountry "BRA"]
[SourceTitle "EXT 2016"]
[Source "ChessBase"]
[SourceDate "2015.10.08"]
[SourceVersion "1"]
[SourceVersionDate "2015.10.08"]
[SourceQuality "1"]

1. c4 e5 2. Nc3 Nf6 3. g3 d5 4. cxd5 Nxd5 5. Bg2 Nb6 6. e3 Nc6 7. Nge2 Be7 8. 0-0 0-0 9. f4 Bf5 10. Ne4 Qd7 11. fxe5 Bg4 12. d4 Nxe5 13. b3 Nc6 14. Bb2 Nd5 15. Qd3 Rad8 16. a3 Rfe8 17. Nf4 Nxf4 18. Rxf4 f5 19. Nf2 Bg5 20. Nxg4 Bxf4 21. gxf4 fxg4 22. d5 Ne7 23. Rd1 Ng6 24. Be4 g3 25. Bf5 gxh2+ 26. Kxh2 Qe7 27. Be6+ Kh8 28. Qc3 Nf8 29. Bf5 Rd6 30. Rg1 Rh6+ 31. Kg2 Ng6 32. Kf1 Rf8 33. Qd3 Rh2 34. Bd4 Qxa3 35. Qc3 Rxf5 36. Bxg7+ Kg8 37. Bh8 Qa6+ 0-1

[Event "Florianopolis Cordioli Memorial"]
[Site "Florianopolis"]
[Date "2015.07.05"]
[Round "6"]
[White "Tomaz, Tainan Pantano"]
[Black "Calcado, Acyr Rogerio"]
[Result "0-1"]
[WhiteElo "2061"]
[BlackElo "2128"]
[PlyCount "88"]
[EventDate "2015.07.03"]
[EventType "swiss"]
[EventRounds "7"]
[EventCountry "BRA"]
[SourceTitle "EXT 2016"]
[Source "ChessBase"]
[SourceDate "2015.10.08"]
[SourceVersion "1"]
[SourceVersionDate "2015.10.08"]
[SourceQuality "1"]

1. c4 e5 2. Nc3 Nc6 3. g3 g6 4. Bg2 Bg7 5. Nf3 d6 6. 0-0 Be6 7. d3 h6 8. Rb1 a5 9. a3 Nf6 10. b4 axb4 11. axb4 Qd7 12. b5 Nd8 13. Re1 0-0 14. Qc2 Bh3 15. Bh1 Ne6 16. Bb2 Ng4 17. Ba1 Rab8 18. Nd5 c6 19. Nb6 Qc7 20. Na4 f5 21. e3 g5 22. d4 e4 23. Nd2 c5 24. b6 Qf7 25. d5 Nd8 26. f3 exf3 27. Bxf3 Ne5 28. Bg2 Qh5 29. Bxh3 Qxh3 30. Re2 Ra8 31. Rf1 Ndf7 32. Bb2 g4 33. e4 Ng5 34. Bxe5 Bxe5 35. exf5 Bd4+ 36. Kh1 Nf3 37. Rb1 Rae8 38. Ne4 Re5 39. Nxd6 Rxe2 40. Qxe2 Be5 41. Nxb7 Rxf5 42. Rc1 Rh5 43. Rc2 Nxh2 44. Kg1 Bd4+ 0-1

[Event "Copenhagen Challenge"]
[Site "Ballerup"]
[Date "2015.05.03"]
[Round "9"]
[White "Veng, Johny"]
[Black "Tomaz, Tainan Pantano"]
[Result "1/2-1/2"]
[WhiteElo "2291"]
[BlackElo "2011"]
[PlyCount "40"]
[EventDate "2015.04.29"]
[EventType "swiss"]
[EventRounds "9"]
[EventCountry "DEN"]
[SourceTitle "CBM 166 Extra"]
[Source "ChessBase"]
[SourceDate "2015.06.18"]
[SourceVersion "1"]
[SourceVersionDate "2015.06.18"]
[SourceQuality "1"]

1. d4 Nf6 2. c4 e6 3. g3 Bb4+ 4. Bd2 Qe7 5. Nf3 Nc6 6. Nc3 d6 7. d5 Bxc3 8. Bxc3 Nb8 9. dxe6 fxe6 10. Bg2 0-0 11. 0-0 Ne4 12. Rc1 a5 13. Be1 Nd7 14. Nd4 Ndc5 15. b3 Kh8 16. f3 Nf6 17. e4 Bd7 18. Qe2 e5 19. Nc2 Rfb8 20. Ne3 Qe8 1/2-1/2

[Event "Copenhagen Challenge"]
[Site "Ballerup"]
[Date "2015.05.02"]
[Round "7"]
[White "Tomaz, Tainan Pantano"]
[Black "Vesterli, Michael"]
[Result "1-0"]
[WhiteElo "2011"]
[BlackElo "2123"]
[PlyCount "61"]
[EventDate "2015.04.29"]
[EventType "swiss"]
[EventRounds "9"]
[EventCountry "DEN"]
[SourceTitle "CBM 166 Extra"]
[Source "ChessBase"]
[SourceDate "2015.06.18"]
[SourceVersion "1"]
[SourceVersionDate "2015.06.18"]
[SourceQuality "1"]

1. d4 Nf6 2. c4 g6 3. Nc3 Bg7 4. Nf3 0-0 5. Bg5 d6 6. e3 Nbd7 7. Be2 c6 8. Qc2 e5 9. 0-0 Re8 10. Rfd1 Qc7 11. Rac1 Nf8 12. b4 h6 13. Bh4 Bf5 14. Qb3 g5 15. Bg3 Nh5 16. dxe5 Nxg3 17. hxg3 dxe5 18. c5 Rad8 19. Nd2 Ne6 20. Nde4 Bg6 21. Bc4 b6 22. cxb6 axb6 23. b5 Rxd1+ 24. Rxd1 Re7 25. bxc6 Qxc6 26. Rd6 Qb7 27. Rxb6 Bxe4 28. Rxb7 Rxb7 29. Qa4 Nc5 30. Qa8+ Bf8 31. Nxe4 1-0

[Event "Copenhagen Challenge"]
[Site "Ballerup"]
[Date "2015.04.30"]
[Round "2"]
[White "Tomaz, Tainan Pantano"]
[Black "Fries Nielsen, Niels Jorgen"]
[Result "0-1"]
[WhiteElo "2011"]
[BlackElo "2333"]
[PlyCount "88"]
[EventDate "2015.04.29"]
[EventType "swiss"]
[EventRounds "9"]
[EventCountry "DEN"]
[SourceTitle "CBM 166 Extra"]
[Source "ChessBase"]
[SourceDate "2015.06.18"]
[SourceVersion "1"]
[SourceVersionDate "2015.06.18"]
[SourceQuality "1"]

1. d4 Nf6 2. c4 c5 3. Nf3 cxd4 4. Nxd4 e6 5. a3 Nc6 6. Nc3 Bc5 7. e3 d5 8. cxd5 exd5 9. Be2 0-0 10. 0-0 a6 11. Bf3 Ne5 12. b4 Nxf3+ 13. Nxf3 Bd6 14. h3 Be6 15. Bb2 Rc8 16. Rc1 Re8 17. Nd4 Bb8 18. Nxe6 fxe6 19. Qe2 b5 20. Rfd1 Rc4 21. a4 Qd6 22. g3 Qxb4 23. axb5 axb5 24. Rb1 Rxc3 25. Bxc3 Qxc3 26. Rxb5 Bd6 27. Rb7 Rf8 28. Qb2 Qxb2 29. Rxb2 Ne4 30. Kg2 Be5 31. Rc2 Rb8 32. f3 Nd6 33. f4 Bf6 34. Rd3 Nc4 35. g4 Rb5 36. g5 Be7 37. Kf3 Bxg5 38. fxg5 Ne5+ 39. Ke2 Nxd3 40. Kxd3 Rb4 41. Rc7 Kf8 42. Ra7 Rh4 43. Rb7 Rxh3 44. Kd4 Rh4+ 0-1

[Event "Vaxjo op"]
[Site "Vaxjo"]
[Date "2015.02.14"]
[Round "5"]
[White "Rahul, Kumar Pune"]
[Black "Tomaz, Tainan Pantano"]
[Result "0-1"]
[WhiteElo "2148"]
[BlackElo "1984"]
[PlyCount "94"]
[EventDate "2015.02.13"]
[EventType "swiss"]
[EventRounds "8"]
[EventCountry "SWE"]
[SourceTitle "CBM 164 Extra"]
[Source "ChessBase"]
[SourceDate "2015.03.02"]
[SourceVersion "1"]
[SourceVersionDate "2015.03.02"]
[SourceQuality "1"]

1. e4 e5 2. Nf3 Nc6 3. Bb5 Nd4 4. Bc4 Nxf3+ 5. Qxf3 Nf6 6. Nc3 Bc5 7. d3 c6 8. a4 d6 9. 0-0 Bg4 10. Qg3 h5 11. Bg5 Qd7 12. h3 Be6 13. Be3 Bxe3 14. Qxe3 Bxc4 15. dxc4 Qe6 16. b3 0-0 17. Rad1 a6 18. Rd3 Rad8 19. Rfd1 Rd7 20. Qd2 Rfd8 21. Kh2 Qe7 22. f3 Kf8 23. g3 h4 24. g4 Nh7 25. c5 Ng5 26. Kg2 Qf6 27. Qe3 Ne6 28. Rxd6 Nf4+ 29. Kh2 Rxd6 30. cxd6 Rxd6 31. Qc5 Ke7 32. a5 Kd7 33. Qb4 Kc7 34. g5 Qe6 35. Qxd6+ Qxd6 36. Rxd6 Kxd6 37. Nd1 Ne6 38. Ne3 Kc5 39. Nc4 Nxg5 40. Kg2 f6 41. c3 Nf7 42. Ne3 Nd6 43. Kf2 Kb5 44. b4 c5 45. Nd5 cxb4 46. cxb4 Kc4 47. Ke3 Nc8 0-1

[Event "Vaxjo op"]
[Site "Vaxjo"]
[Date "2015.02.13"]
[Round "2"]
[White "Tomaz, Tainan Pantano"]
[Black "Lekander, Rolf Ake"]
[Result "1/2-1/2"]
[WhiteElo "1984"]
[BlackElo "2231"]
[PlyCount "110"]
[EventDate "2015.02.13"]
[EventType "swiss"]
[EventRounds "8"]
[EventCountry "SWE"]
[SourceTitle "CBM 164 Extra"]
[Source "ChessBase"]
[SourceDate "2015.03.02"]
[SourceVersion "1"]
[SourceVersionDate "2015.03.02"]
[SourceQuality "1"]

1. c4 Nf6 2. Nc3 c5 3. Nf3 Nc6 4. d4 cxd4 5. Nxd4 g6 6. e4 d6 7. Be2 Bg7 8. Nc2 0-0 9. Be3 b6 10. 0-0 Bb7 11. Qd2 Re8 12. Rac1 Rc8 13. f3 Nd7 14. Rfd1 Qc7 15. Nd5 Qb8 16. b3 Nc5 17. Kh1 Ne6 18. Bf1 Nc5 19. Rb1 Ne6 20. Rdc1 Ne5 21. a4 Nc5 22. a5 bxa5 23. Qxa5 Bxd5 24. exd5 Qc7 25. Qd2 Rb8 26. Nd4 Rb7 27. Be2 Ned7 28. b4 Na4 29. Nb5 Qb8 30. Qa2 Nab6 31. c5 Nxd5 32. Qxd5 Rxb5 33. Bxb5 Qxb5 34. Rd1 Nf6 35. Qa2 a6 36. Bd4 e5 37. Ba1 dxc5 38. bxc5 Qxc5 39. Rb7 Rf8 40. Qxa6 Nh5 41. Qd6 Qf2 42. Rb2 Qh4 43. Kg1 Nf4 44. Rbd2 Qg5 45. Kh1 Ne6 46. Qc6 h5 47. Qe4 Nf4 48. Bb2 h4 49. Bc1 h3 50. g3 Ne6 51. Rd5 Qf6 52. Bb2 Ng5 53. Qg4 Qxf3+ 54. Qxf3 Nxf3 55. Rf1 e4 1/2-1/2

[Event "Malmo op"]
[Site "Malmo"]
[Date "2014.12.14"]
[Round "6"]
[White "Tomaz, Tainan Pantano"]
[Black "Kockum, Anton Frisk"]
[Result "0-1"]
[WhiteElo "1907"]
[BlackElo "2362"]
[PlyCount "84"]
[EventDate "2014.12.12"]
[EventType "swiss"]
[EventRounds "7"]
[EventCountry "SWE"]
[SourceTitle "EXT 2016"]
[Source "ChessBase"]
[SourceDate "2015.10.08"]
[SourceVersion "1"]
[SourceVersionDate "2015.10.08"]
[SourceQuality "1"]

1. d4 e6 2. e4 d5 3. exd5 exd5 4. Bd3 Nc6 5. Ne2 Bd6 6. c3 Nge7 7. Bf4 Bf5 8. 0-0 0-0 9. Re1 Re8 10. Bxd6 Qxd6 11. Na3 Bxd3 12. Qxd3 Ng6 13. Qg3 Qd7 14. Nf4 Nxf4 15. Qxf4 Ne7 16. Qd2 Nf5 17. Rxe8+ Rxe8 18. Re1 Nd6 19. Rxe8+ Qxe8 20. Qe3 Qa4 21. Qd3 a5 22. Qc2 Qe8 23. Kf1 Qe6 24. Qc1 Ne4 25. Qe3 Qb6 26. Qc1 Qa6+ 27. Ke1 Qd6 28. g3 Qe6 29. Qe3 Qb6 30. Qc1 h5 31. f3 Nd6 32. Qd2 Nf5 33. Qe2 g6 34. Kd1 c5 35. Qe8+ Kg7 36. g4 hxg4 37. fxg4 Nh6 38. Qe5+ Kh7 39. g5 Nf5 40. Kc1 cxd4 41. Qxd5 Qc7 42. Nb5 Qf4+ 0-1

[Event "Curitiba CC 76 Anniversary"]
[Site "Curitiba"]
[Date "2014.01.31"]
[Round "2"]
[White "Broday, Geovani Allan"]
[Black "Tomaz, Tainan Pantano"]
[Result "0-1"]
[WhiteElo "2135"]
[BlackElo "1883"]
[PlyCount "54"]
[EventDate "2014.01.31"]
[EventType "swiss"]
[EventRounds "6"]
[EventCountry "BRA"]
[SourceTitle "CBM 158 Extra"]
[Source "ChessBase"]
[SourceDate "2014.02.28"]
[SourceVersion "1"]
[SourceVersionDate "2014.02.28"]
[SourceQuality "1"]

1. e4 c5 2. Nf3 e6 3. d3 Nc6 4. g3 Nge7 5. Bg2 g6 6. 0-0 Bg7 7. c3 0-0 8. d4 d6 9. Be3 b6 10. d5 exd5 11. exd5 Ne5 12. Nxe5 Bxe5 13. Bg5 Re8 14. Re1 a6 15. Rxe5 dxe5 16. d6 Ra7 17. Bc6 Rd7 18. Qa4 Rxd6 19. Bxe8 Rd1+ 20. Kg2 Qd5+ 21. f3 Qd3 22. Qxd1 Qxd1 23. Kf2 Nd5 24. Bc6 Be6 25. Ba4 Qxa4 26. Na3 e4 27. c4 Nb4 0-1

[Event "Curitiba IRT 74 Aniversario CC"]
[Site "Curitiba"]
[Date "2011.11.27"]
[Round "5"]
[White "Araujo, Rafael Moreira"]
[Black "Tomaz, Tainan Pantano"]
[Result "0-1"]
[WhiteElo "2141"]
[BlackElo "1835"]
[PlyCount "64"]
[EventDate "2011.11.25"]
[EventType "swiss"]
[EventRounds "6"]
[EventCountry "BRA"]
[SourceTitle "EXT 2022"]
[Source "ChessBase"]
[SourceDate "2021.10.06"]
[SourceVersion "1"]
[SourceVersionDate "2021.10.06"]
[SourceQuality "1"]

1. Nf3 Nf6 2. g3 b6 3. d3 d5 4. Bg2 Bb7 5. 0-0 Nbd7 6. d4 e6 7. b3 c5 8. e3 Rc8 9. Nbd2 Qc7 10. c4 dxc4 11. bxc4 cxd4 12. exd4 Bd6 13. Re1 0-0 14. Bb2 Rfd8 15. Rc1 Qb8 16. Qb3 Qa8 17. Nh4 Bxg2 18. Nxg2 e5 19. d5 Nc5 20. Qc2 Re8 21. Qf5 Ncd7 22. Ne4 Qb8 23. Nxf6+ Nxf6 24. f4 Bc5+ 25. Kh1 Bd4 26. fxe5 Bxb2 27. exf6 Bxc1 28. Rxc1 Qe5 29. Qxe5 Rxe5 30. fxg7 Rxd5 31. Nf4 Rdc5 32. Rf1 Kxg7 0-1

[Event "BRA-ch U20"]
[Site "Campinas"]
[Date "2011.04.24"]
[Round "7"]
[White "Tomaz, Tainan Pantano"]
[Black "Prallon Sampaio, Leonardo de Souz"]
[Result "1-0"]
[WhiteElo "1796"]
[BlackElo "1988"]
[PlyCount "75"]
[EventDate "2011.04.21"]
[EventType "swiss"]
[EventRounds "8"]
[EventCountry "BRA"]
[SourceTitle "CBM 142 Extra"]
[Source "ChessBase"]
[SourceDate "2011.06.27"]
[SourceVersion "1"]
[SourceVersionDate "2011.06.27"]
[SourceQuality "1"]

1. d4 Nf6 2. c4 c5 3. d5 b5 4. cxb5 a6 5. b6 Qxb6 6. Nc3 g6 7. e4 d6 8. Be2 Bg7 9. Nf3 0-0 10. a4 a5 11. Nd2 Ba6 12. Bb5 Nfd7 13. Nc4 Qd8 14. 0-0 Ne5 15. Ne3 Ned7 16. Kh1 Bxb5 17. Nxb5 Na6 18. Nc4 Nb4 19. Ra3 Qb8 20. Qe2 Qb7 21. Rg3 Ne5 22. Nxe5 Bxe5 23. f4 Bg7 24. f5 Qd7 25. Bf4 Be5 26. Bxe5 dxe5 27. Qh5 Kg7 28. fxg6 hxg6 29. Qxe5+ f6 30. Qh5 g5 31. Rf5 Ra6 32. Rh3 Rg8 33. d6 Rxd6 34. Nxd6 Qxd6 35. e5 Qe6 36. exf6+ exf6 37. Qh7+ Kf8 38. Rxf6+ 1-0